Derecho constitucional comparado
Gespeichert in:
| 1. Verfasser: | |
|---|---|
| Format: | Buch |
| Sprache: | Spanisch |
| Veröffentlicht: |
Madrid
Manuales de la Revista de Occidente
1959
|
| Ausgabe: | 5a. ed |
| Schlagworte: | |
| Tags: |
Tag hinzufügen
Keine Tags, Fügen Sie den ersten Tag hinzu!
|
MARC
| LEADER | 00000nam a2200000 a 4500 | ||
|---|---|---|---|
| 001 | UCV1634 | ||
| 003 | CL-VaPUC | ||
| 008 | 900906e19590000SP |||||||||||||||||spa|d | ||
| 082 | 0 | 4 | |a 342 |b GAR |2 21 |
| 100 | |a García-Pelayo, Manuel |e author |9 486087 | ||
| 245 | 1 | 0 | |a Derecho constitucional comparado |
| 250 | |a 5a. ed | ||
| 300 | |a 636 p | ||
| 942 | |c BK | ||
| 945 | |d 19900906 00:00:00 | ||
| 260 | |a Madrid |b Manuales de la Revista de Occidente |c 1959 | ||
| 650 | 0 | |a Constituciones |9 255417 | |
| 650 | 7 | |a TEORIA |2 CL-VaPUC |9 295937 | |
| 650 | 0 | |a Formas de gobierno |9 255257 | |
| 650 | 0 | |a Historia constitucional |9 256052 | |
| 650 | 0 | |a Historia |9 255047 | |
| 651 | 0 | |a Estados Unidos |9 255178 | |
| 651 | 0 | |a Francia |9 255157 | |
| 651 | 0 | |a Gran Bretaña |9 256767 | |
| 651 | 0 | |a Suiza |9 256768 | |
| 651 | 0 | |a Unión Soviética |9 256769 | |
| 583 | |a last modification |c 19900906 00:00:00 |k Rodrigo Vera | ||
| 999 | |c 209553 |d 209551 | ||
| 952 | |0 0 |1 0 |4 0 |6 342_000000000000000_GAR_1959 |7 0 |8 A |9 185031 |a BIBDER |b BIBDER |d 2019-11-14 |i 2523442 |l 3 |o 342 GAR 1959 |p 2523442 |r 2023-01-25 |s 2022-08-11 |w 2019-11-14 |y BK |k DER | ||
| 952 | |0 0 |1 0 |4 0 |6 342_000000000000000_GAR_1959 |7 0 |8 A |9 185032 |a BIBDER |b BIBDER |d 2019-11-14 |i 2523450 |o 342 GAR 1959 |p 2523450 |r 2023-01-25 |w 2019-11-14 |y BK |k DER | ||
| 952 | |0 0 |1 0 |4 0 |6 342_000000000000000_GAR_1959 |7 0 |8 A |9 185033 |a BIBDER |b BIBDER |d 2019-11-14 |i 2523469 |l 1 |m 2 |o 342 GAR 1959 |p 2523469 |r 2024-03-25 |s 2024-03-11 |w 2019-11-14 |y BK |k DER | ||
| 952 | |0 0 |1 0 |4 0 |6 342_000000000000000_GAR_1959 |7 0 |8 A |9 185034 |a BIBDER |b BIBDER |d 2019-11-14 |i 1954652 |o 342 GAR 1959 |p 1954652 |r 2023-01-25 |w 2019-11-14 |y BK |k DER | ||
| 952 | |0 0 |1 0 |4 0 |6 342_000000000000000_GAR_1959 |7 0 |8 A |9 185035 |a BIBDER |b BIBDER |d 2019-11-14 |i 4663500 |l 1 |m 1 |o 342 GAR 1959 |p 4663500 |r 2023-10-06 |s 2023-09-25 |w 2019-11-14 |y BK |k DER | ||